Lectures on Lyapunov Exponents.
Tallennettuna:
| Päätekijä: | |
|---|---|
| Aineistotyyppi: | Kirja |
| Kieli: | englanti |
| Julkaistu: |
Cambridge, UK:
Cambridge University Press,
2014.
|
| Sarja: | Cambridge Studies in Advanced Mathematics,
|
| Aiheet: | |
| Tagit: |
Lisää tagi
Ei tageja, Lisää ensimmäinen tagi!
|
MARC
| LEADER | 00000cam a2200000 a 4500 | ||
|---|---|---|---|
| 001 | UCD4823 | ||
| 003 | CL-VaPUC | ||
| 005 | 20240618144459.0 | ||
| 008 | 160722e20140000uk |||||||||||||||||eng|d | ||
| 999 | |c 365652 |d 365650 | ||
| 020 | |a 9781107081734 | ||
| 040 | |c Pontificia Universidad Católica de Valparaíso | ||
| 082 | 0 | 4 | |a 515.35 VIA 2014 |2 21 |
| 100 | 0 | |a Viana, Marcelo |e author |9 588545 | |
| 245 | 1 | 0 | |a Lectures on Lyapunov Exponents. |
| 260 | |a Cambridge, UK: |b Cambridge University Press, |c 2014. | ||
| 300 | |a 202 páginas. | ||
| 490 | 0 | |a Cambridge Studies in Advanced Mathematics, |n 145. | |
| 583 | |a last modification |c 20160722 23:21:00 |k Rodrigo Vera | ||
| 650 | 0 | |a Exponentes de Lyapunov |9 882660 | |
| 650 | 0 | |a Ecuaciones diferenciales |9 260083 | |
| 942 | |c BK |2 ddc | ||
| 945 | |d 20160722 23:21:00 |a dcastane | ||
| 952 | |0 0 |1 0 |2 ddc |3 erd |4 0 |6 515_350000000000000_VIA_2014 |7 0 |8 A |9 479555 |a BIBMAT |b BIBMAT |i 5299012 |l 8 |m 4 |o 515.35 VIA 2014 |p 5299012 |q 2025-05-14 |r 2025-04-14 |s 2025-04-14 |w 2019-11-24 |y BK |z Catalogado en:20160722 |k MAT | ||